000 00473nam a2200157 i 4500
001 100520
003 ES-MaACL
005 20230906182706.0
007 t|
008 050929s1969 sp ||||1| cat d
100 1 _aMaset i Vidal, Salvador.
_978708
245 1 0 _a500 milions per un idil-li
_b: comédia...y cossénia. Tragédia /
_cSalvador Maset i Vidal.
260 _aBarcelona :
_bDalmau,
_c1969.
300 _a78 p. ;
_c20 cm.
852 _aES-MaACL
_jC-50331
_bR.71478
999 _c100520
_d100520